| 000 | 03081pam a2200733 i 4500 | ||
|---|---|---|---|
| 001 | 3054554 | ||
| 005 | 20200923131907.0 | ||
| 008 | 200707s2020 nyua c 000 1 eng | ||
| 010 | _a 2020030157 | ||
| 020 |
_a9780316391955 _q(hbk.) : _c$16.99 |
||
| 035 | _a3024296 | ||
| 035 | _a(OCoLC)1136958899 | ||
| 035 | _a(OCoLC) 2020030157 | ||
| 035 | _a3024296 | ||
| 040 |
_aDLC _beng _erda _cDLC _dTnLvILS |
||
| 042 |
_apcc _alcac |
||
| 050 | 0 | 0 |
_aPZ7.1.H3747 _bFou 2020 |
| 082 | 0 | 0 |
_a[Fic] _223 |
| 092 |
_ajunior fiction _bHarris |
||
| 100 | 1 |
_aHarris, Neil Patrick, _d1973- _eauthor. _960129 |
|
| 245 | 1 | 4 |
_aThe fourth suit / _cby Neil Patrick Harris & Alec Azam ; story artistry by Lissy Marlin ; how-to magic art by Kyle Hilton. |
| 246 | 3 | _a4th suit | |
| 250 | _aFirst edition. | ||
| 264 | 1 |
_aNew York : _bLittle, Brown and Company, _c2020. |
|
| 300 |
_axi, 335 pages : _billustrations ; _c21 cm. |
||
| 336 | _atext | ||
| 336 | _astill image | ||
| 337 | _aunmediated | ||
| 338 | _avolume | ||
| 490 | 1 |
_aThe Magic Misfits ; _vvol. IV |
|
| 500 | _aSeries numbering from spine. | ||
| 520 | _a"The Magic Misfits confront their greatest enemy in this final story told from Ridley's point of view"-- | ||
| 521 |
_aAges 8-12. _bLittle, Brown and Company. |
||
| 650 | 0 |
_aMagic tricks _vJuvenile fiction. _95688684 |
|
| 650 | 0 |
_aCard tricks _vJuvenile fiction. _96375438 |
|
| 650 | 0 |
_aHypnotism _vJuvenile fiction. _96371815 |
|
| 650 | 0 |
_aFriendship _vJuvenile fiction. _95673647 |
|
| 650 | 0 |
_aMothers and daughters _vJuvenile fiction. _95675897 |
|
| 650 | 0 |
_aHumorous stories. _96375439 |
|
| 650 | 1 |
_aMagic tricks _vFiction. _95703034 |
|
| 650 | 1 |
_aCard tricks _vFiction. _96375440 |
|
| 650 | 1 |
_aMagic _vFiction. _95673694 |
|
| 650 | 1 |
_aHypnotism _vFiction. _95784715 |
|
| 650 | 1 |
_aFriendship _vFiction. _95673769 |
|
| 650 | 1 |
_aMothers and daughters _vFiction. _95673712 |
|
| 650 | 1 |
_aHumorous stories. _96375439 |
|
| 700 | 1 |
_aAzam, Alec, _eauthor. _96006972 |
|
| 700 | 1 |
_aMarlin, Lissy, _eillustrator. _95925238 |
|
| 700 | 1 |
_aHilton, Kyle, _eillustrator. _96006973 |
|
| 787 | 0 | _ohttp://worldcat.org/entity/work/id/2044346012 | |
| 800 | 0 |
_aHarris, Neil Patrick, _d1973- _tMagic Misfits. _96375441 |
|
| 942 |
_2ddc _cBOOK |
||
| 999 |
_c353755 _d353755 |
||
| 999 | _bF | ||